000 00391 a2200145 4500
020 _a 9694170656
040 _aDLC
082 _a910.25
245 _aHandbook universities of Pakistan
260 _aIslamabad:
_bUniversty Grants Commission,
_c2001.
300 _avii, 822 p. ;
_c24 cm.
500 _aIncludes Index
650 _aUniversities--Pakistan--Handbook.
942 _cBK
_k910.25 UGC
_2ddc
999 _c4808
_d4808